00459nam a2200169Ia 4500008004100000041001200041082001200053100003000065245004400095365000800139520001400147546001200161630004400173650001400217655001400231730004400245101110s9999 xx 000 0 und d aMARATHI bSR22736 aShetye Shankar, Kore D.S. aPrakrutik Bhugol ( Physical Geography ) b125 aGeography aMARATHI aPrakrutik Bhugol ( Physical Geography ) aGeography aGeography aPrakrutik Bhugol ( Physical Geography )